Thông tin chuyên đề : Trà Vinh năm 2007

Sách gồm 5 phần giới thiệu về chính trị - xã hội, kinh tế, văn hóa - thể thao - du lịch, giáo dục - y tế và khoa học - công nghệ tỉnh Trà Vinh trong năm 2007.

שמור ב:
מידע ביבליוגרפי
פורמט: ספר
שפה:Undetermined
יצא לאור: Trà Vinh Thư viện tỉnh Trà Vinh 2007
נושאים:
תגים: הוספת תג
אין תגיות, היה/י הראשונ/ה לתייג את הרשומה!
Thư viện lưu trữ: Trung tâm Học liệu Trường Đại học Cần Thơ
LEADER 00779nam a2200193Ia 4500
001 CTU_225612
008 210402s9999 xx 000 0 und d
082 |a 959.786 
082 |b Th455 
245 0 |a Thông tin chuyên đề : 
245 0 |b Trà Vinh năm 2007 
260 |a Trà Vinh 
260 |b Thư viện tỉnh Trà Vinh 
260 |c 2007 
520 |a Sách gồm 5 phần giới thiệu về chính trị - xã hội, kinh tế, văn hóa - thể thao - du lịch, giáo dục - y tế và khoa học - công nghệ tỉnh Trà Vinh trong năm 2007. 
650 |a Tra Vinh (Vietnam),Trà Vinh (Việt Nam) 
650 |x History,Lịch sử 
910 |b nthai 
980 |a Trung tâm Học liệu Trường Đại học Cần Thơ